Handling earthquake threat (Record no. 73527)

MARC details
000 -LEADER
fixed length control field 01053cam a2200229 4500
001 - CONTROL NUMBER
control field ABS67095
008 - FIXED-LENGTH DATA ELEMENTS--GENERAL INFORMATION
fixed length control field 031002n2003 000 0 eng u
035 ## - SYSTEM CONTROL NUMBER
System control number (Sirsi) u123808
100 ## - MAIN ENTRY--PERSONAL NAME
Personal name Kocabas, A.
245 ## - TITLE STATEMENT
Title Handling earthquake threat
260 ## - PUBLICATION, DISTRIBUTION, ETC.
Date of publication, distribution, etc. 2003
490 ## - SERIES STATEMENT
Series statement Planning (for the Natural and Built Environment)
Volume/sequential designation (1537) 20 September 2003, 16(1)
520 ## - SUMMARY, ETC.
Summary, etc. Considers the Izmut earthquake which struck Istanbul on the 17 August 1999 and subsequent research into neighbourhood regeneration projects to improve buildings that are at risk of further damage from earthquakes. There is high probability that another earthquake will hit the region with devastating consequences. Dramatic population increases and poorly constructed and designed buildings mean that large areas of the city are at risk.
590 ## - LOCAL NOTE (RLIN)
Local note ABS
650 ## - SUBJECT ADDED ENTRY--TOPICAL TERM
Topical term or geographic name entry element ISTANBUL
650 ## - SUBJECT ADDED ENTRY--TOPICAL TERM
Topical term or geographic name entry element EARTHQUAKES
650 ## - SUBJECT ADDED ENTRY--TOPICAL TERM
Topical term or geographic name entry element REGENERATION
650 ## - SUBJECT ADDED ENTRY--TOPICAL TERM
Topical term or geographic name entry element RENEWAL
690 ## - LOCAL SUBJECT ADDED ENTRY--TOPICAL TERM (OCLC, RLIN)
Topical term or geographic name as entry element ENVIRONMENTAL AND LAND CONSULTANCY-PLANNING AND DEVELOPMENT
700 ## - ADDED ENTRY--PERSONAL NAME
Personal name Gibson, M.
942 ## - ADDED ENTRY ELEMENTS (KOHA)
Suppress in OPAC 0
Holdings
Withdrawn status Lost status Source of classification or shelving scheme Damaged status Not for loan Home library Current library Shelving location Date acquired Total Checkouts Full call number Barcode Date last seen Copy number Price effective from Koha item type
    Dewey Decimal Classification     London London Journal article 02/10/2003   ABS67095 123808-1001 06/08/2019 1 06/08/2019 Journal article